| 000 | 00333nam a22001097a 4500 | ||
|---|---|---|---|
| 008 | 230605b xxu||||| |||| 00| 0 eng d | ||
| 082 |
_a328.16 _bCLE |
||
| 245 |
_aSpeaker's Considered Rulings and Guidelines 2008 -2013 _cNational Assembly of Kenya |
||
| 260 |
_bNational Assembly of Kenya _aKenya _c2017 |
||
| 300 | _a264 p | ||
| 942 |
_2ddc _cBK |
||
| 999 |
_c461 _d461 |
||